Temas de agricultura (Record no. 122327)

MARC details
000 -LEADER
campo de control de longitud fija 00939nam a2200229 4500
001 - NÚMERO DE CONTROL
campo de control 122327
003 - IDENTIFICADOR DE NÚMERO DE CONTROL
campo de control ES-MaACL
005 - FECHA Y HORA DE LA ÚLTIMA TRANSACCIÓN
campo de control 20250404185520.0
007 - CAMPO FIJO DE DESCRIPCIÓN FÍSICA--INFORMACIÓN GENERAL
campo de control de longitud fija t|
008 - DATOS DE LONGITUD FIJA--INFORMACIÓN GENERAL
campo de control de longitud fija 070214s1951 sp r ||||1| spa d
100 1# - ENTRADA PRINCIPAL--NOMBRE DE PERSONA
Nombre de persona Pousa Antelo, Avelino.
9 (RLIN) 93472
245 10 - MENCIÓN DEL TÍTULO
Título Temas de agricultura
Resto del título : contestaciones al cuestionario para maestros /
Mención de responsabilidad, etc. por Avelino Pousa Antelo.
260 ## - PUBLICACIÓN, DISTRIBUCIÓN, ETC.
Lugar de publicación, distribución, etc. Lugo :
Nombre del editor, distribuidor, etc. [s.n.],
Fecha de publicación, distribución, etc. 1951 (
Fabricante Tip. La Voz de la Verdad)
300 ## - DESCRIPCIÓN FÍSICA
Extensión 206 p. :
Otras características físicas il. ;
Dimensiones 21 cm.
510 ## - NOTA DE CITAS O REFERENCIAS BIBLIOGRÁFICAS
Nombre de la fuente CCPB,
Localización dentro de la fuente 001350016-3.
650 #7 - PUNTO DE ACCESO ADICIONAL DE MATERIA--TÉRMINO DE MATERIA
9 (RLIN) 145046
Término de materia o nombre geográfico como elemento de entrada Agricultura-
Subdivisión general Enseñanza
852 ## - LOCALIZACIÓN
Ubicación ES-MaACL
Número de control de estantería D-6567
Sublocalización o colección R.31377
-- R.M.6158
itemnumber 126871
Ubicación en estantería Sala Valle Inclán
Donativo/Legado Sello en tinta azul en cubierta: "Donativo".
Nota libre Sello en tinta azul en cubierta: "21.DIC.1951".
942 ## - ELEMENTOS DE ENTRADA SECUNDARIOS (KOHA)
Fuente del sistema de clasificación o colocación Clasificación decimal universal
Tipo de ítem Koha Libro impreso
Holdings
Estatus retirado Estado de pérdida Estado de daño No para préstamo Biblioteca de origen Biblioteca actual Ubicación en estantería Fecha de adquisición Fuente de adquisición Total de préstamos Signatura topográfica completa Código de barras Visto por última vez Precio de reemplazo Tipo de ítem Koha
        Biblioteca del Ateneo de Madrid Biblioteca del Ateneo de Madrid Sala Valle Inclán 17/01/2008     D-6567 901127471 23/02/2023 23/02/2023 Libro impreso